<?xml version="1.0" encoding="UTF-8"?>
<collection xmlns="http://www.loc.gov/MARC21/slim">
  <record>
    <leader>00000nam  2200000   4500</leader>
    <controlfield tag="001">INLIS000000000020412</controlfield>
    <controlfield tag="005">20250618095918</controlfield>
    <datafield tag="035" ind1="#" ind2="#">
      <subfield code="a">0010-0625000154</subfield>
    </datafield>
    <controlfield tag="007">ta</controlfield>
    <controlfield tag="008">250618################|##########|#|##</controlfield>
    <datafield tag="084" ind1="#" ind2="#">
      <subfield code="a">R 102 PKN II 2023</subfield>
    </datafield>
    <datafield tag="100" ind1=" " ind2="#">
      <subfield code="a">Herry Hermanus Horo</subfield>
    </datafield>
    <datafield tag="245" ind1="1" ind2="#">
      <subfield code="a">Pedoman Pengaturan Pengamanan Proyek Strategis Kejaksaan Republik Indonesia /</subfield>
      <subfield code="c">Herry Hermanus Horo</subfield>
    </datafield>
    <datafield tag="260" ind1="#" ind2="#">
      <subfield code="a">Jakarta :</subfield>
      <subfield code="b">Pusbangkom Pimnas dan Manajerial ASN,</subfield>
      <subfield code="c">2023</subfield>
    </datafield>
    <datafield tag="300" ind1="#" ind2="#">
      <subfield code="a">45 hlm. ;</subfield>
      <subfield code="c">30 cm</subfield>
    </datafield>
    <datafield tag="650" ind1="#" ind2="4">
      <subfield code="a">Pengamanan Proyek</subfield>
    </datafield>
    <datafield tag="520" ind1="#" ind2="#">
      <subfield code="a">Berkaca pada petunjuk pelaksanaan teknis existing yaitu Petunjuk Teknis Nomor:B-484/D/Dpp/03/2020 tentang Pelaksanaan Kegiatan Pembangunan Strategis , terdapat beberapa hal yang menjadi sorotan penulis yang dapat dioptimalkan kembalu untuk mendukung peningkatan kinerja serta kualitas pengamanan yang dilaksanakan bidang intelijen dalam hal pengamanan protek strategis. Pertama mengenai mekanisme kegiatan yang menjadi satuan business process pengamanan proyek strategis baik yang dimohonkan oleh Bouwheer ataupun yang berdasarkan inisiatif dari Direktorat D.</subfield>
    </datafield>
    <datafield tag="990" ind1="#" ind2="#">
      <subfield code="a">2407102</subfield>
    </datafield>
  </record>
</collection>
